No man is an island / (Record no. 40933)
[ view plain ]
| 000 -LEADER | |
|---|---|
| fixed length control field | 00637cam a2200229Ii 4500 |
| 001 - CONTROL NUMBER | |
| control field | 1942228 |
| 005 - DATE AND TIME OF LATEST TRANSACTION | |
| control field | 20180306091528.0 |
| 008 - FIXED-LENGTH DATA ELEMENTS--GENERAL INFORMATION | |
| fixed length control field | 760122t19671955nyu 000 0 eng d |
| 020 ## - INTERNATIONAL STANDARD BOOK NUMBER | |
| International Standard Book Number | 0385000855 (pbk. :) |
| Terms of availability | $1.45 |
| 040 ## - CATALOGING SOURCE | |
| Original cataloging agency | CPL |
| Transcribing agency | CPL |
| Modifying agency | m.c. |
| -- | AKO |
| -- | UtOrBLW |
| 049 ## - LOCAL HOLDINGS (OCLC) | |
| Holding library | AKOA |
| 100 1# - MAIN ENTRY--PERSONAL NAME | |
| Personal name | Merton, Thomas, |
| Dates associated with a name | 1915-1968. |
| 245 10 - TITLE STATEMENT | |
| Title | No man is an island / |
| Statement of responsibility, etc | by Thomas Merton. |
| 300 ## - PHYSICAL DESCRIPTION | |
| Extent | 197 pages ; |
| Dimensions | 18 cm. |
| 336 ## - CONTENT TYPE | |
| Content Type Term | text |
| 337 ## - MEDIA TYPE | |
| Media Type Term | unmediated |
| 338 ## - CARRIER TYPE | |
| Carrier Type Term | volume |
| 490 1# - SERIES STATEMENT | |
| Series statement | Doubleday Image book ; D231. |
| 650 #0 - SUBJECT ADDED ENTRY--TOPICAL TERM | |
| Topical term or geographic name as entry element | Spiritual life |
| General subdivision | Catholic Church. |
| 830 #0 - SERIES ADDED ENTRY--UNIFORM TITLE | |
| Uniform title | Doubleday Image book ; D231. |
| 942 ## - ADDED ENTRY ELEMENTS (KOHA) | |
| Source of classification or shelving scheme | Library of Congress Classification |
| Item type | Books |
| Withdrawn status | Lost status | Source of classification or shelving scheme | Damaged status | Not for loan | Home library | Current library | Shelving location | Date acquired | Source of acquisition | Inventory number | Total Checkouts | Full call number | Barcode | Date last seen | Price effective from | Koha item type |
|---|---|---|---|---|---|---|---|---|---|---|---|---|---|---|---|---|
| Library of Congress Classification | BSOP Library | BSOP Library | GC | 03/06/2018 | 39546 | BX2350 M55 1955 | 00049546 | 03/06/2018 | 03/06/2018 | Books |
